• 首页
  • 本馆介绍
  • 公告通知
  • 最新文献
  • 馆藏检索
  • 电子资源
  • 读者导购
  • 参考咨询
  • 我的图书馆
  • 登录
  • 详细信息显示
  • 放入我的书架
  • 预约/预借图书
  • 作者相关作品
  • 分类相关作品
  • 丛书相关作品
  • 出版社相关作品

书目信息

  • 表格格式
  • 工作单格式
  • 卡片格式
题名:
爱因斯坦传
    
 
作者: 孙立军 主编
分册:  
出版信息: 南昌   江西教育出版社  2018
页数: 180页
开本: 21cm
丛书名: 名人励志传记丛书
单 册:
中图分类: K837.126.11=532
科图分类:
主题词:
电子资源:
ISBN: 978-7-5705-0495-4
000 00934nam0 2200253 450
001 012001009328
005 20140101115155.0
010    @a978-7-5705-0495-4@dCNY36.00
100    @a20181214d2018 em y0chiy50 ea
101 0  @achi
102    @aCN@b360000
105    @aa z 000yb
106    @ar
200 1  @a爱因斯坦传@9ai yin si tan zhuan@b专著@dAlbert Einstein@f孙立军主编@zeng
210    @a南昌@c江西教育出版社@d2018
215    @a180页@c图@d21cm
225 1  @a名人励志传记丛书
330    @a本书介绍了爱因斯坦不懈攀登科学高峰,并提出颠覆性物理理论的故事,讲述了爱因斯坦从不向残酷的命运低头,不断攀登科学的高峰,历经挫折,提出相对论,荣获诺贝尔奖,为核能开发奠定了理论基础。
510 1  @aAlbert Einstein@zeng
600  0 @a爱因斯坦@c(Einstein, Albert@f1879-1955)@x传记
690    @aK837.126.11=532@v5
701  0 @a孙立军@9sun li jun@4主编
801  2 @aCN@b上海新华@c20191020
905    @b1187767-70@dK837.126.11=532@e1076@f4
    
    爱因斯坦传=Albert Einstein/孙立军主编.-南昌:江西教育出版社,2018
    180页:图;21cm.-(名人励志传记丛书)
    
    
    ISBN 978-7-5705-0495-4:CNY36.00
    本书介绍了爱因斯坦不懈攀登科学高峰,并提出颠覆性物理理论的故事,讲述了爱因斯坦从不向残酷的命运低头,不断攀登科学的高峰,历经挫折,提出相对论,荣获诺贝尔奖,为核能开发奠定了理论基础。
●
相关链接 在E读中查询图书 在五车中查询图书 在当当中查询图书 在豆瓣中查询图书


正题名:爱因斯坦传     索取号:K837.126.11=532/1076         预约/预借

序号 登录号 条形码 馆藏地/架位号 状态 备注
1 1187767   211877673   第二样本阅览室/ [索取号:K837.126.11=532/1076] 在馆    
2 1187768   211877682   第二借阅区/ [索取号:K837.126.11=532/1076] 在馆    
3 1187769   211877691   第二借阅区/ [索取号:K837.126.11=532/1076] 在馆    
4 1187770   211877708   第二借阅区/ [索取号:K837.126.11=532/1076] 在馆    
唐山师范学院图书馆 欢迎您!
大连网信软件有限公司© 版权所有